| 000 | 00425nam a22001577a 4500 | ||
|---|---|---|---|
| 008 | 230620b |||||||| |||| 00| 0 eng d | ||
| 040 |
_aNational Science Library _cNational Science Library |
||
| 080 |
_a624.04 _bK5 |
||
| 100 | _aKumar, Sushil | ||
| 245 | _aTreasure of R C C Designs | ||
| 260 |
_aDelhi: _bStandard Book Depot, _c1965 |
||
| 300 | _a580p. | ||
| 650 | _aGeography | ||
| 653 | _aPlain | ||
| 942 |
_2udc _cBK |
||
| 999 |
_c45334 _d45334 |
||